<?xml version="1.0" encoding="UTF-8"?>
<record
    xmlns:xsi="http://www.w3.org/2001/XMLSchema-instance"
    xsi:schemaLocation="http://www.loc.gov/MARC21/slim http://www.loc.gov/standards/marcxml/schema/MARC21slim.xsd"
    xmlns="http://www.loc.gov/MARC21/slim">

  <leader>00589nam a2200193 a 4500</leader>
  <controlfield tag="001">3860</controlfield>
  <controlfield tag="003">CDMR</controlfield>
  <controlfield tag="005">20151103110001.0</controlfield>
  <controlfield tag="008">130130s1988||||||||||||||||||||||||||||d</controlfield>
  <datafield tag="040" ind1=" " ind2=" ">
    <subfield code="a">CDMR</subfield>
    <subfield code="b">cat</subfield>
    <subfield code="c">CDMR</subfield>
  </datafield>
  <datafield tag="245" ind1="0" ind2="0">
    <subfield code="a">Agust&#xED; Centelles (1909-1985)</subfield>
    <subfield code="b">: fotoperiodista </subfield>
  </datafield>
  <datafield tag="260" ind1=" " ind2=" ">
    <subfield code="a">Barcelona</subfield>
    <subfield code="c">1988</subfield>
    <subfield code="b">Fundaci&#xF3; Caixa de Catalunya</subfield>
  </datafield>
  <datafield tag="500" ind1=" " ind2=" ">
    <subfield code="a">Cat&#xE0;leg d'exposici&#xF3;</subfield>
  </datafield>
  <datafield tag="600" ind1="1" ind2=" ">
    <subfield code="9">3228</subfield>
    <subfield code="a">Centelles, Agust&#xED;</subfield>
  </datafield>
  <datafield tag="650" ind1="0" ind2="4">
    <subfield code="9">3679</subfield>
    <subfield code="a">Fotoperiodisme</subfield>
    <subfield code="x">Exposicions</subfield>
  </datafield>
  <datafield tag="711" ind1="2" ind2=" ">
    <subfield code="9">3021</subfield>
    <subfield code="a">Primavera Fotogr&#xE0;fica</subfield>
    <subfield code="d">1988</subfield>
    <subfield code="n">4a </subfield>
  </datafield>
  <datafield tag="710" ind1="2" ind2=" ">
    <subfield code="9">2823</subfield>
    <subfield code="a">Fundaci&#xF3; Caixa de Catalunya</subfield>
  </datafield>
  <datafield tag="942" ind1=" " ind2=" ">
    <subfield code="c">MON</subfield>
    <subfield code="2">udc</subfield>
  </datafield>
  <datafield tag="999" ind1=" " ind2=" ">
    <subfield code="c">3860</subfield>
    <subfield code="d">3860</subfield>
  </datafield>
  <datafield tag="952" ind1=" " ind2=" ">
    <subfield code="0">0</subfield>
    <subfield code="1">0</subfield>
    <subfield code="4">0</subfield>
    <subfield code="7">0</subfield>
    <subfield code="a">CDMR</subfield>
    <subfield code="b">CDMR</subfield>
    <subfield code="d">2013-01-16</subfield>
    <subfield code="l">0</subfield>
    <subfield code="o">Dr</subfield>
    <subfield code="p">Dr481037201301161251</subfield>
    <subfield code="r">2013-01-16</subfield>
    <subfield code="w">2013-01-16</subfield>
    <subfield code="y">MON</subfield>
  </datafield>
</record>
